Aspectos teóricos de la competitividad /
שמור ב:
| מחבר ראשי: | |
|---|---|
| פורמט: | Texto |
| נושאים: | |
| תגים: |
הוספת תג
אין תגיות, היה/י הראשונ/ה לתייג את הרשומה!
|
MARC
| LEADER | 00000 a a2200000 04500 | ||
|---|---|---|---|
| 001 | 2926 | ||
| 003 | |||
| 040 | |||
| 100 | |a Suñol, Sandra | ||
| 245 | |a Aspectos teóricos de la competitividad / |c Sandra Suñol | ||
| 650 | |a COMPETITIVIDAD | ||
| 650 | |a PRODUCTIVIDAD | ||
| 650 | |a TEORIA | ||
| 773 | |g volumen 31, número 2; páginas 179-198 | ||
| 999 | |c 32298 |d 32298 | ||
